| 000 | 00909nam a2200253Ia 4500 | ||
|---|---|---|---|
| 008 | 130821s2006 sp gr spa | ||
| 020 | _a842066068X | ||
| 040 |
_aCo-BoUCM _bspa |
||
| 041 | 0 | 0 | _aspa |
| 100 | 1 |
_aEurípides _d480 a. C. - 408 a. C. _9164420 |
|
| 245 | 1 | 0 |
_aHécuba _cEurípides ;introducción, traducción y notas de Germán Santana Henríquez |
| 260 |
_aMadrid (España) _bAlianza Editorial _c2006 |
||
| 300 | _a203 páginas | ||
| 490 |
_aEl Libro de Bolsillo. _v8284 _aBiblioteca Temática. _aClásicos de Grecia y Roma |
||
| 501 | _aHelena | ||
| 501 | _aIfigenia entre los tauros | ||
| 650 | 0 | 4 |
_aLiteratura griega _976 |
| 650 | 0 | 4 |
_aMujeres en la literatura _919920 |
| 650 | 0 | 4 |
_aTeatro griego _925065 |
| 650 | 0 | 4 |
_aTragedia griega _925649 |
| 700 | 1 |
_aSantana Heríquez, Germán _etrad. _9164421 |
|
| 942 |
_cLIBRO _a18 _e1 _mE891h _2DEWEY _h882 _n0 |
||
| 999 |
_c57485 _d57485 |
||